00639nam a2200193Ia 4500008004100000041001200041082001200053100004800065245006200113260003500175300000800210365000700218520002800225546001200253630006200265650002800327655002800355730006200383101110s9999 xx 000 0 und d aMARATHI bSR31233 aLiman M.S., Inamdar U.B. aani Shivpuje D.R. aPayabhut abhyas - 2 (FC-II) SYBA,SYBcom New Syllabus 2008 c2008b Sheth publishers,Mumbai a193 b70 aPersonality Development aMARATHI aPayabhut abhyas - 2 (FC-II) SYBA,SYBcom New Syllabus 2008 aPersonality Development aPersonality Development aPayabhut abhyas - 2 (FC-II) SYBA,SYBcom New Syllabus 2008